00713nam a22001937a 450000500170000001000120001702000260002908200100005524501180006526000420018327001450022530000210037070000190039170000240041070000230043470000260045770000200048370000160050320250218100137.0 aBACEN25 a9789348059116c860.00 b305.4 aWomen's Rights and Empowerment :bLegal Challenges and Social Realities /cEdited By Vijender Kumar and et.all... aNew DelhibBharti Publications c2024 bNew Delhia4819/24 2nd Floor, Mathur Lane Ansari Road, Darya Ganj,e110002k011-46172797, 23247537, 9899897381mbhartipublications@gmail,com a174pc22cm;(hbk) aVijender Kumar aVats, Naresh Kumar  aPathak , Shashank  aMishra, Kishor Kumar  a Mishra, Aditya aVats, Anit